[Event "30.Alpenpokal Obersdorf op"]
[Site "Tiefenbach (08.01.-18.01)"]
[Date "2004.??.??"]
[Round "6.15"]
[White "Klempt, Guenter"]
[Black "Pruess, Martin"]
[Result "1/2-1/2"]
[WhiteElo "1894"]
[BlackElo "1827"]
[PlyCount "84"]
[EventDate "2004.01.??"]
[Source "ChessOrg"]
[SourceDate "2005.04.24"]

1. d4 d6 2. Nf3 g6 3. e4 Bg7 4. Be3 Nf6 5. Nc3 O-O 6. Qd2 c6 7. Be2 Nbd7 8.
O-O-O b5 9. e5 Ng4 10. exd6 exd6 11. d5 Nxe3 12. fxe3 b4 13. Ne4 cxd5 14. Qxd5
Rb8 15. Nxd6 Nb6 16. Qg5 Qc7 17. Nb5 Qb7 18. Nfd4 a6 19. Bf3 h6 20. Qf4 (20.
Qg3 $5 Qe7 21. Qxb8 Nd7 22. Qf4 axb5 23. Nc6 Qc5 24. Qxb4) 20... Nd5 21. Bxd5
Qxd5 22. Qxb8 Bg4 23. Qd6 Qxa2 24. Rde1 axb5 25. Qxb4 Bd7 26. Rhf1 Qd5 27. Rf2
Ra8 28. Qb3 Qd6 29. Qxf7+ Kh7 30. Qf4 Qb4 31. c3 Ra1+ 32. Kc2 Qa4+ 33. Kd2 Rxe1
34. Kxe1 Qa1+ 35. Ke2 Qxb2+ 36. Kf3 Qxc3 37. Rc2 Qd3 38. Rc7 Qf1+ 39. Kg3 Qe1+
40. Kf3 Qf1+ 41. Kg3 Qe1+ 42. Kf3 Qf1+ 1/2-1/2

[Event "30.Alpenpokal Obersdorf op"]
[Site "Tiefenbach (08.01.-18.01)"]
[Date "2004.??.??"]
[Round "6.16"]
[White "Sakowski, Christian"]
[Black "Zuri, Rahim"]
[Result "1/2-1/2"]
[WhiteElo "1776"]
[BlackElo "1787"]
[PlyCount "49"]
[EventDate "2004.01.??"]
[Source "ChessOrg"]
[SourceDate "2005.04.24"]

1. d4 d5 2. Nf3 Nf6 3. Bf4 e6 4. Nbd2 Bd6 5. Bg3 b5 6. e3 a6 7. Bd3 Bb7 8. c3
O-O 9. Ne5 Nbd7 10. Ndf3 h6 11. O-O Re8 12. Qc2 Nf8 13. b4 Ne4 14. Be2 f5 15.
Nd3 g5 16. Nfe5 Re7 17. f4 Nxg3 18. hxg3 g4 19. Nc5 Bxc5 20. bxc5 c6 21. Kf2
Rg7 22. Rh1 Qf6 23. Rh4 Nd7 24. Nxd7 Rxd7 25. a3 1/2-1/2

[Event "30.Alpenpokal Obersdorf op"]
[Site "Tiefenbach (08.01.-18.01)"]
[Date "2004.??.??"]
[Round "6.18"]
[White "Blosze, Winfried"]
[Black "Gerhards, Walter"]
[Result "0-1"]
[WhiteElo "1730"]
[BlackElo "1814"]
[PlyCount "46"]
[EventDate "2004.01.??"]
[Source "ChessOrg"]
[SourceDate "2005.04.24"]

1. e4 e6 2. d4 d5 3. exd5 exd5 4. Bd3 Nf6 5. Ne2 Nc6 6. Bg5 Nb4 7. Bb5+ c6 8.
Ba4 Be7 9. c3 Na6 10. Qd3 Nc7 11. O-O Ne6 12. Bh4 Ne4 13. Bxe7 Qxe7 14. f3 Nf6
15. Ng3 g6 16. Nd2 Bd7 17. f4 O-O-O 18. b4 h5 19. b5 c5 20. f5 Ng7 21. fxg6
fxg6 22. Qxg6 Qe3+ 23. Rf2 Ng4 0-1

[Event "30.Alpenpokal Obersdorf op"]
[Site "Tiefenbach (08.01.-18.01)"]
[Date "2004.??.??"]
[Round "6.19"]
[White "Kelbratowski, Konrad"]
[Black "Poehler, Margit"]
[Result "1-0"]
[WhiteElo "1863"]
[BlackElo "1765"]
[PlyCount "109"]
[EventDate "2004.01.??"]
[Source "ChessOrg"]
[SourceDate "2005.04.24"]

1. d4 g6 2. c4 Bg7 3. e4 d6 4. Nc3 Nd7 5. Nf3 e5 6. Be3 Ne7 7. Qd2 O-O 8. g4
Nf6 9. h3 Nxe4 10. Nxe4 f5 11. gxf5 gxf5 12. Bh6 (12. Neg5 f4 13. Bxf4 Rxf4 14.
dxe5 Qf8) 12... fxe4 13. Bxg7 Kxg7 14. Rg1+ Ng6 15. Ng5 Qf6 16. Nxe4 Qf4 17.
Qe3 Kh8 18. O-O-O Bf5 19. Ng3 Bd7 20. Qxf4 Rxf4 21. Bd3 Rxd4 22. Ne2 Rh4 23.
Bxg6 Rxc4+ (23... hxg6 $3) 24. Bc2 $1 Rf8 25. b3 Rc5 26. Ng3 Rxf2 27. Rd2 Rxd2
28. Kxd2 Rd5+ 29. Ke3 Rd4 30. Ne4 Bc6 31. Ng5 Bd5 32. Bxh7 Rh4 33. Bf5 Rf4 34.
Be6 c6 35. Bxd5 cxd5 36. Rg3 d4+ 37. Ke2 d5 38. Rf3 Rxf3 39. Nxf3 d3+ 40. Kxd3
$4 (40. Ke3 e4 41. Nd4 Kg7 42. Nb5 Kf6 43. Nxa7 Ke5 44. Nb5 Ke6 45. h4 Ke5 46.
h5 b6 47. h6 Kf6 48. Nc3 Kg6 49. Nxd5 Kxh6 50. Kxe4 d2 51. Ne3 Kg5 52. Kd3 Kf4
53. Kxd2) 40... e4+ 41. Ke3 exf3 42. Kxf3 Kg7 43. Ke3 Kf6 44. Kd4 Kg5 45. Kxd5
Kh4 46. Kd6 Kxh3 47. Kc7 b5 48. Kc6 b4 49. Kb5 Kg4 50. Kxb4 Kf5 51. Kb5 Ke5 52.
Ka6 Kd4 53. Kxa7 Kc5 54. Ka6 Kb4 55. Kb6 1-0

[Event "30.Alpenpokal Obersdorf op"]
[Site "Tiefenbach (08.01.-18.01)"]
[Date "2004.??.??"]
[Round "6.20"]
[White "Witte, Ronald"]
[Black "Borries, Barbara"]
[Result "1-0"]
[WhiteElo "1963"]
[BlackElo "1703"]
[PlyCount "43"]
[EventDate "2004.01.??"]
[Source "ChessOrg"]
[SourceDate "2005.04.24"]

1. d4 d5 2. c4 c6 3. Nc3 Nf6 4. e3 e6 5. Nf3 Bd6 6. Qc2 Nbd7 7. g4 dxc4 8. Bxc4
Nd5 9. Bd2 Nxc3 10. Bxc3 Nb6 11. Be2 Nd5 12. Bd2 Qc7 13. e4 Nb6 14. e5 Be7 15.
b4 Nd5 16. a3 O-O 17. g5 g6 18. h4 Bd7 19. h5 Rad8 20. Qe4 Be8 21. Qh4 Kg7 22.
hxg6 1-0

[Event "30.Alpenpokal Obersdorf op"]
[Site "Tiefenbach (08.01.-18.01)"]
[Date "2004.??.??"]
[Round "6.22"]
[White "Schulz, Toni,Prof.Dr[48]"]
[Black "Herzog, Manfred[60Sulzf]"]
[Result "0-1"]
[WhiteElo "1854"]
[BlackElo "1725"]
[PlyCount "98"]
[EventDate "2004.01.??"]
[Source "ChessOrg"]
[SourceDate "2005.04.24"]

1. e4 g6 2. d4 Nf6 3. Nc3 d6 4. Bc4 Bg7 5. Qe2 c6 6. Bb3 O-O 7. Nf3 Nbd7 8. O-O
Qc7 9. e5 dxe5 10. dxe5 Ng4 11. e6 Nde5 12. exf7+ Nxf7 13. h3 Nge5 14. Nxe5
Bxe5 15. Re1 Kg7 16. Bxf7 Bh2+ 17. Kh1 Rxf7 18. g3 Bxg3 19. fxg3 Qxg3 20. Qe5+
Qxe5 21. Rxe5 Bxh3 22. Be3 Bf5 23. Ne4 Bxe4+ 24. Rxe4 a6 25. Rd1 Re8 26. Re6
Rf6 27. Re4 e5 28. Kg2 Rfe6 29. Bc5 Kf6 30. Rd7 Kf5 31. Kf3 b6 32. Bxb6 Rb8 33.
Bd8 Re8 34. Rf7+ Ke6 35. Rf6+ Kd7 36. Ba5 Rxb2 37. Rf7+ Ke6 38. Rxh7 Rxa2 39.
Bc3 Rf8+ 40. Ke3 Rxc2 41. Bxe5 Rf5 42. Bc7+ Kd5 43. Rd4+ Kc5 44. Ra4 Rc3+ 45.
Kd2 Rc4 46. Ra5+ Kb4 47. Rxa6 Rd5+ 48. Ke3 Rc3+ 49. Ke4 Rc4+ 0-1

[Event "30.Alpenpokal Obersdorf op"]
[Site "Tiefenbach (08.01.-18.01)"]
[Date "2004.??.??"]
[Round "6.23"]
[White "Moehring, Norbert"]
[Black "Kycler, Jan"]
[Result "1-0"]
[WhiteElo "1812"]
[BlackElo "1762"]
[PlyCount "51"]
[EventDate "2004.01.??"]
[Source "ChessOrg"]
[SourceDate "2005.04.24"]

1. b4 d5 2. Bb2 Qd6 3. e3 Nf6 4. Nf3 Qxb4 5. Ba3 Qa5 6. c4 dxc4 7. Bxc4 e6 8.
Bxf8 Kxf8 9. Nc3 Nc6 10. O-O Ne5 11. Nxe5 Qxe5 12. d4 Qa5 13. Qb3 c6 14. Rab1
Ke7 15. e4 Rd8 16. e5 Ne8 17. Rfd1 Kf8 18. Ne4 Qc7 19. Qh3 h6 20. Rd3 Qe7 21.
g4 Kg8 22. g5 hxg5 23. Qh5 g6 24. Qh6 Qf8 25. Qxg5 Ng7 26. Nf6+ 1-0

[Event "30.Alpenpokal Obersdorf op"]
[Site "Tiefenbach (08.01.-18.01)"]
[Date "2004.??.??"]
[Round "6.24"]
[White "Wahl, Hedi"]
[Black "Aigner, Georg"]
[Result "0-1"]
[WhiteElo "1422"]
[BlackElo "1816"]
[PlyCount "52"]
[EventDate "2004.01.??"]
[Source "ChessOrg"]
[SourceDate "2005.04.24"]

1. e4 e5 2. Nf3 Nc6 3. Bc4 Bc5 4. c3 Nf6 5. Qc2 d6 6. h3 O-O 7. O-O Nh5 8. d3
Na5 9. b4 Nxc4 10. bxc5 Na5 11. cxd6 cxd6 12. a4 Be6 13. c4 Nc6 14. Ba3 Nf4 15.
Kh2 Qf6 16. h4 Nd4 17. Nxd4 Qxh4+ 18. Kg1 exd4 19. Bxd6 f5 20. Bxf4 Qxf4 21.
Qe2 Rf6 22. g3 Qg5 23. Qd2 f4 24. Qe1 f3 25. Nd2 Bg4 26. Qd1 Qh5 0-1

[Event "30.Alpenpokal Obersdorf op"]
[Site "Tiefenbach (08.01.-18.01)"]
[Date "2004.??.??"]
[Round "6.25"]
[White "Josting, Friedel"]
[Black "Johne, Siegfried"]
[Result "1/2-1/2"]
[WhiteElo "1845"]
[BlackElo "1828"]
[PlyCount "76"]
[EventDate "2004.01.??"]
[Source "ChessOrg"]
[SourceDate "2005.04.24"]

1. c4 Nf6 2. Nc3 d5 3. cxd5 Nxd5 4. g3 b6 5. Bg2 Bb7 6. Nf3 e6 7. d3 Be7 8. Bd2
c5 9. Rc1 O-O 10. O-O Nc6 11. Nxd5 Qxd5 12. a3 Bf6 13. Bc3 Qd8 14. Qd2 e5 15.
Nxe5 Bxe5 16. Bxe5 Re8 17. Bc3 Qe7 18. Rfe1 Rad8 19. b4 Nd4 20. Bxb7 Qxb7 21.
Bxd4 cxd4 22. Qf4 Re7 23. Rc4 Qd7 24. Rec1 Rxe2 25. Rxd4 Qe8 26. Rxd8 Qxd8 27.
Qg4 Re8 28. Qc4 h6 29. d4 Re4 30. Rd1 Re5 31. d5 Kf8 32. d6 Re6 33. Qc7 Ke8 34.
d7+ Ke7 35. Qxa7 Rd6 36. Re1+ $4 (36. Rxd6 Kxd6 37. h4 Qxd7 38. Qxd7+ Kxd7 39.
a4 Kc6 40. Kg2 Kd5 41. a5 bxa5 42. bxa5 Kc5 43. Kf3 Kb5 44. Ke4 Kxa5 45. Kd5
Kb4 46. Kd6 Kc4 47. Ke7) 36... Kf6 37. Rc1 Rxd7 38. Rc6+ Ke7 1/2-1/2

[Event "30.Alpenpokal Obersdorf op"]
[Site "Tiefenbach (08.01.-18.01)"]
[Date "2004.??.??"]
[Round "6.26"]
[White "Boehm, Karl[33Vahr]"]
[Black "Marek, Herbert"]
[Result "1/2-1/2"]
[WhiteElo "1595"]
[BlackElo "1651"]
[PlyCount "93"]
[EventDate "2004.01.??"]
[Source "ChessOrg"]
[SourceDate "2005.04.24"]

1. d4 d5 2. c4 c6 3. cxd5 cxd5 4. Nc3 Nf6 5. Bf4 a6 6. e3 e6 7. Bd3 Bd6 8. Bg3
O-O 9. Nf3 Nc6 10. a3 Nh5 11. Rc1 f5 12. Bxd6 Qxd6 13. O-O f4 14. Re1 fxe3 15.
Rxe3 Nf4 16. Qc2 Nxd3 17. Qxd3 Qf4 18. Ne2 Qh6 19. Re1 Bd7 20. Ne5 Nxe5 21.
Rxe5 Rf6 22. Ng3 Qf4 23. Qe3 Raf8 24. Re2 Bb5 25. Rd2 Qg4 26. h3 Qg6 27. Kh2
Bd7 28. Rg5 Qh6 29. Nh5 Rg6 30. Rxg6 Qxg6 31. Ng3 h5 32. Ne2 Qf5 33. Ng1 Rc8
34. Nf3 Rf8 35. Qe5 Qf4+ 36. Qxf4 Rxf4 37. Ne5 Ba4 38. Kg3 g5 39. f3 Kg7 40.
Kh2 Rf8 41. g3 Rc8 42. Kg2 Rc1 43. Kf2 Kf6 44. g4 h4 45. Nd3 Rc8 46. Ne5 Rc1
47. Nd3 1/2-1/2

[Event "30.Alpenpokal Obersdorf op"]
[Site "Tiefenbach (08.01.-18.01)"]
[Date "2004.??.??"]
[Round "6.27"]
[White "Auf'm Wasser, Guenter"]
[Black "Drewitz, Friedel"]
[Result "0-1"]
[WhiteElo "1614"]
[BlackElo "1749"]
[PlyCount "88"]
[EventDate "2004.01.??"]
[Source "ChessOrg"]
[SourceDate "2005.04.24"]

1. f4 d5 2. Nf3 Nf6 3. e3 Bg4 4. b3 g6 5. Bb2 Bg7 6. Be2 c6 7. O-O O-O 8. Qe1
Nbd7 9. d3 e6 10. Nbd2 Nh5 11. Bxg7 Nxg7 12. h3 Bxf3 13. Nxf3 Qf6 14. g4 e5 15.
Qg3 exf4 16. exf4 Rae8 17. Rae1 Re3 18. Bd1 Rfe8 19. Rxe3 Rxe3 20. Kf2 Re8 21.
Re1 Rxe1 22. Kxe1 Ne6 23. Ne5 Nxe5 24. fxe5 Qf4 25. Qxf4 Nxf4 26. d4 Nxh3 27.
c4 dxc4 28. bxc4 Kf8 29. d5 cxd5 30. cxd5 Nf4 31. Kd2 Nxd5 32. Bf3 Nb6 33. Ke3
Ke7 34. Bxb7 f6 35. exf6+ Kxf6 36. Ke4 Kg5 37. Kf3 a5 38. Bc6 Nc4 39. Kg3 Ne5
40. Bf3 Nxf3 41. Kxf3 Kh4 42. Kf4 g5+ 43. Kf3 Kh3 44. a3 a4 0-1

[Event "30.Alpenpokal Obersdorf op"]
[Site "Tiefenbach (08.01.-18.01)"]
[Date "2004.??.??"]
[Round "6.28"]
[White "Meyer, Thomas[52Tübing]"]
[Black "Winter, Rudolf[29GGerau]"]
[Result "1/2-1/2"]
[WhiteElo "1598"]
[BlackElo "1687"]
[PlyCount "118"]
[EventDate "2004.01.??"]
[Source "ChessOrg"]
[SourceDate "2005.04.24"]

1. d4 d5 2. c4 e6 3. Nc3 Nf6 4. Bg5 Nbd7 5. e3 c6 6. cxd5 exd5 7. Bd3 Bb4 8. a3
Bd6 9. Nf3 O-O 10. O-O Qc7 11. Rc1 Qb8 12. Ne2 Ne4 13. Bf4 Ndf6 14. Bxd6 Qxd6
15. Ne5 Qe7 16. Qc2 Be6 17. f3 Nd6 18. Ng3 g6 19. b4 Rfc8 20. Qe2 a6 21. e4 Nb5
22. Qb2 Nd7 23. Nxd7 Qxd7 24. e5 Qe7 25. a4 Nc7 26. Rc5 Qg5 27. f4 Qh4 28. f5
Bd7 29. fxg6 fxg6 30. Rcc1 Ne6 31. Ne2 Rf8 32. Bb1 Ng7 33. Qd2 Bf5 34. Qf4 Qe7
35. Qd2 Bxb1 36. Rxb1 Nf5 37. Rf2 Ng7 38. Rbf1 Rxf2 39. Rxf2 Rf8 40. Rxf8+ Qxf8
41. Nf4 Qf5 42. Nd3 Ne6 43. Ne1 Qf4 44. Qxf4 Nxf4 45. Kf2 Kf7 46. g3 Ne6 47.
Ke3 h5 48. Nd3 g5 49. Nc5 Nd8 50. h3 Kg6 51. a5 Kf5 52. Nd7 Ne6 53. Nf6 Kg6 54.
Nd7 Kf5 55. Nc5 Nd8 56. Nd3 Ne6 57. Nf2 Nc7 58. g4+ hxg4 59. Nxg4 Ne6 1/2-1/2

[Event "30.Alpenpokal Obersdorf op"]
[Site "Tiefenbach (08.01.-18.01)"]
[Date "2004.??.??"]
[Round "6.30"]
[White "Luebbers, Doris,Dr."]
[Black "Tauscher, Max"]
[Result "1/2-1/2"]
[WhiteElo "1403"]
[BlackElo "1604"]
[PlyCount "73"]
[EventDate "2004.01.??"]
[Source "ChessOrg"]
[SourceDate "2005.04.24"]

1. d4 Nf6 2. Nf3 d5 3. e3 c6 4. Be2 Bf5 5. b3 e6 6. Bb2 h6 7. Bd3 Bxd3 8. Qxd3
Bd6 9. Nbd2 O-O 10. O-O Nbd7 11. Ne5 Qc7 12. Nxd7 Nxd7 13. Nf3 Rac8 14. Rac1
Qa5 15. Bc3 Bb4 16. Bxb4 Qxb4 17. c3 Qb6 18. Qd2 Nf6 19. Ne5 Rc7 20. c4 c5 21.
cxd5 exd5 22. dxc5 Rxc5 23. Rxc5 Qxc5 24. Rc1 Qe7 25. Nf3 Rd8 26. Nd4 a6 27. h3
Qd7 28. Rc2 Rc8 29. Rxc8+ Qxc8 30. Qc2 Qxc2 31. Nxc2 Ne4 32. Nd4 g6 33. a4 Kf8
34. f3 Nd6 35. Kf2 Ke7 36. g3 Kd7 37. Ke2 1/2-1/2

[Event "30.Alpenpokal Obersdorf op"]
[Site "Tiefenbach (08.01.-18.01)"]
[Date "2004.??.??"]
[Round "6.31"]
[White "Weissenfels, Gerd"]
[Black "Schenfeld, Waldemar"]
[Result "0-1"]
[WhiteElo "1275"]
[BlackElo "1538"]
[PlyCount "47"]
[EventDate "2004.01.??"]
[Source "ChessOrg"]
[SourceDate "2005.04.24"]

1. e4 e5 2. Nf3 Nf6 3. d3 Nc6 4. Bg5 Be7 5. Bxf6 Bxf6 6. g3 d6 7. Bg2 Bg4 8.
Nbd2 Qd7 9. O-O Nd4 10. c3 Ne6 11. Qe1 Qb5 12. Nc4 Nc5 13. Qd2 Be6 14. a4 Qa6
15. b4 Nb3 16. b5 Nxd2 17. Nfxd2 d5 18. bxa6 dxc4 19. dxc4 Rd8 20. axb7 O-O 21.
Rfd1 Rb8 22. Rab1 Bd7 23. a5 Ba4 24. Nb3 {und im 60.Zug} 0-1

[Event "30.Alpenpokal Obersdorf op"]
[Site "Tiefenbach (08.01.-18.01)"]
[Date "2004.??.??"]
[Round "7.1"]
[White "Jolowicz, Matias,Dr."]
[Black "Poffers, Adrian"]
[Result "1/2-1/2"]
[WhiteElo "2133"]
[BlackElo "2289"]
[PlyCount "80"]
[EventDate "2004.01.??"]
[Source "ChessOrg"]
[SourceDate "2005.04.24"]

1. d4 d6 2. c4 e5 3. Nf3 e4 4. Ng5 f5 5. Nc3 Be7 6. h4 h6 7. Nh3 Bxh4 8. Nf4
Bg5 9. Ng6 Rh7 10. e3 Nf6 11. f4 exf3 12. Qxf3 Nc6 13. Bd3 Ne7 14. Nh4 Bxh4+
15. Rxh4 g5 16. Rh1 c6 17. e4 Qb6 18. c5 dxc5 19. dxc5 Qxc5 20. Bxg5 hxg5 21.
Rxh7 Nxh7 22. Qh5+ Kd8 23. Qxh7 Qe3+ (23... Qg1+ $5 24. Bf1 Qe3+ 25. Be2 Qg3+ {
ist besser}) 24. Ne2 $1 fxe4 25. Bxe4 Qc5 26. Rd1+ Kc7 27. Nc3 Qe5 28. Kd2 Bg4
29. Re1 Qf4+ 30. Re3 Rd8+ 31. Nd5+ cxd5 32. Qxe7+ Rd7 33. Qc5+ Kb8 34. Bd3 d4
$4 (34... Rc7 $3 35. Qb5 (35. Qxd5 Qb4#) 35... d4 36. Qe8+ Bc8) 35. Qe5+ Qxe5
36. Rxe5 Rf7 37. Ke1 Rg7 38. Rd5 Bd7 39. Rxd4 Bc6 40. Kf2 Kc7 1/2-1/2

[Event "30.Alpenpokal Obersdorf op"]
[Site "Tiefenbach (08.01.-18.01)"]
[Date "2004.??.??"]
[Round "7.2"]
[White "Schulz, Wolfgang[32Hamb]"]
[Black "Wunderer, Eckart"]
[Result "1-0"]
[WhiteElo "2111"]
[BlackElo "1973"]
[PlyCount "81"]
[EventDate "2004.01.??"]
[Source "ChessOrg"]
[SourceDate "2005.04.24"]

1. e4 d5 2. exd5 Nf6 3. Nf3 Nxd5 4. d4 g6 5. Be2 Bg7 6. O-O O-O 7. c4 Nb6 8. h3
Nc6 9. Be3 e5 10. d5 Ne7 11. Nc3 f5 12. Qb3 Kh8 13. Rad1 f4 14. Bc5 Bf5 15. Bd3
Re8 16. Ng5 Qc8 17. Nce4 h6 18. Nf3 g5 19. Bxe7 Rxe7 20. c5 Nxd5 21. Nd6 cxd6
22. Bxf5 Qxf5 23. cxd6 Rd7 24. Rxd5 Qe6 25. Nxe5 Bxe5 26. Re1 Rxd6 27. Rexe5
Qd7 28. Rxd6 Qxd6 29. Qc3 Kh7 30. Qc2+ Kh8 31. Qe4 Qc6 32. Qd4 Kg8 33. Re7 Qg6
34. Qd5+ Kh8 35. Re6 Qb1+ 36. Kh2 Qxb2 37. Rxh6+ Kg7 38. Qxg5+ Kf7 39. Qf5+ Ke7
40. Re6+ Kd8 41. Qf8+ 1-0

[Event "30.Alpenpokal Obersdorf op"]
[Site "Tiefenbach (08.01.-18.01)"]
[Date "2004.??.??"]
[Round "7.3"]
[White "Gerhards, Walter"]
[Black "Wempe, Juergen"]
[Result "1/2-1/2"]
[WhiteElo "1814"]
[BlackElo "2113"]
[PlyCount "30"]
[EventDate "2004.01.??"]
[Source "ChessOrg"]
[SourceDate "2005.04.24"]

1. e4 c5 2. Nf3 Nf6 3. Nc3 Nc6 4. d4 d5 5. dxc5 d4 6. e5 dxc3 7. Qxd8+ Kxd8 8.
exf6 gxf6 9. bxc3 e5 10. Be3 Be6 11. O-O-O+ Kc7 12. Nd2 f5 13. Nb3 a5 14. a4 f4
15. Bd2 Bxb3 1/2-1/2

[Event "30.Alpenpokal Obersdorf op"]
[Site "Tiefenbach (08.01.-18.01)"]
[Date "2004.??.??"]
[Round "7.4"]
[White "Emde, Rainer"]
[Black "Erhart, Uwe"]
[Result "0-1"]
[WhiteElo "1995"]
[BlackElo "1993"]
[PlyCount "50"]
[EventDate "2004.01.??"]
[Source "ChessOrg"]
[SourceDate "2005.04.24"]

1. d4 Nf6 2. Nf3 b6 3. e3 Bb7 4. b3 c5 5. Bb2 e6 6. Bd3 Be7 7. O-O O-O 8. Nbd2
cxd4 9. exd4 Nd5 10. c4 Nf4 11. Bb1 d5 12. Qc2 Ng6 13. Ne5 Nd7 14. Nxg6 hxg6
15. a3 Rc8 16. Qd3 Bd6 17. Re1 Qh4 18. Nf3 dxc4 19. Nxh4 cxd3 20. Bxd3 Nf6 21.
Nxg6 fxg6 22. Rxe6 Rcd8 23. Bxg6 Bd5 24. Re3 Ng4 25. Rh3 Rxf2 0-1

[Event "30.Alpenpokal Obersdorf op"]
[Site "Tiefenbach (08.01.-18.01)"]
[Date "2004.??.??"]
[Round "7.6"]
[White "Schlierkamp, Ferdinand"]
[Black "Boeven, Manfred"]
[Result "1-0"]
[WhiteElo "2070"]
[BlackElo "2020"]
[PlyCount "107"]
[EventDate "2004.01.??"]
[Source "ChessOrg"]
[SourceDate "2005.04.24"]

1. e4 c5 2. Nf3 e6 3. d4 cxd4 4. Nxd4 Nf6 5. Nc3 Nc6 6. Ndb5 Bb4 7. a3 Bxc3+ 8.
Nxc3 d5 9. exd5 exd5 10. Bd3 d4 11. Ne2 Bf5 12. O-O Bxd3 13. Qxd3 O-O 14. Bg5
h6 15. Bh4 Re8 16. Rad1 Rc8 17. c3 dxc3 18. Qf3 Qe7 19. Bxf6 Qxf6 20. Qxf6 gxf6
21. Nxc3 Ne5 22. Nd5 Kg7 23. f4 Nc4 24. Rf2 Rc5 25. h3 Rd8 26. Rc2 b5 27. Nc3
Rxd1+ 28. Nxd1 Rd5 29. Nc3 Rd3 30. Nxb5 Ne3 31. Re2 a6 32. Nc3 Nc4 33. Na4 a5
34. Rf2 Kg6 35. Kh2 h5 36. g3 Nd2 37. f5+ Kh6 38. Kg2 Ne4 39. Rf3 Rd2+ 40. Kg1
Ng5 41. Rc3 Nxh3+ 42. Kf1 Rf2+ 43. Ke1 Rxf5 44. b4 axb4 45. axb4 Nf2 46. Nc5
Ng4 47. b5 Re5+ 48. Kd2 Rd5+ 49. Ke2 Ne5 50. b6 Nc6 51. Na6 Nd8 52. Rc8 Rd6 53.
Rxd8 Rxb6 54. Nc5 1-0

[Event "30.Alpenpokal Obersdorf op"]
[Site "Tiefenbach (08.01.-18.01)"]
[Date "2004.??.??"]
[Round "7.7"]
[White "Pragua, Christoph"]
[Black "Froehlich, Rainer[37Sonth]"]
[Result "0-1"]
[WhiteElo "2059"]
[BlackElo "1980"]
[PlyCount "120"]
[EventDate "2004.01.??"]
[Source "ChessOrg"]
[SourceDate "2005.04.24"]

1. d4 Nf6 2. c4 e5 3. dxe5 Ng4 4. Bf4 Nc6 5. Nf3 Bb4+ 6. Nbd2 Qe7 7. a3 Ngxe5
8. Nxe5 Nxe5 9. e3 Bxd2+ 10. Qxd2 d6 11. Be2 a5 12. b3 O-O 13. O-O Be6 14. Rac1
b6 15. Rfd1 Rad8 16. Qc3 f6 17. h3 Qf7 18. b4 axb4 19. axb4 g5 20. Bg3 h5 21.
f4 gxf4 22. exf4 Nd7 23. Qf3 Qg6 24. Kh2 Bf7 25. Qc6 Kh8 26. Bf3 Rg8 27. Bh4
Qf5 28. Qe4 Qxe4 29. Bxe4 Kg7 30. Bc6 Nb8 31. Bf3 Na6 32. Be1 Rge8 33. Kg1 Re3
34. c5 bxc5 35. bxc5 d5 36. Bf2 Rb3 37. Ra1 Nb4 38. Ra7 Nd3 39. Rxc7 Nxf4 40.
Bg3 Ne6 41. Ra7 Ng5 42. Bd6 Nxf3+ 43. gxf3 Kg6 44. Kg2 Rc3 45. Rd4 Be6 46. Re7
Bf7 47. Ra4 Re8 48. Ra6 Rc2+ 49. Kg3 h4+ 50. Kf4 Rc4+ 51. Ke3 Rc3+ 52. Ke2 d4
53. Rxe8 Bxe8 54. Rb6 Re3+ 55. Kf2 Bd7 56. Kg2 Re6 57. Rb4 d3 58. Rxh4 Re2+ 59.
Kg3 d2 60. Rd4 Ba4 0-1

[Event "30.Alpenpokal Obersdorf op"]
[Site "Tiefenbach (08.01.-18.01)"]
[Date "2004.??.??"]
[Round "7.8"]
[White "Merkel, Gerd"]
[Black "Spurga, Josef"]
[Result "1/2-1/2"]
[WhiteElo "2095"]
[BlackElo "1880"]
[PlyCount "76"]
[EventDate "2004.01.??"]
[Source "ChessOrg"]
[SourceDate "2005.04.24"]

1. d4 d5 2. c4 c6 3. Nf3 Nf6 4. Nc3 dxc4 5. a4 Bf5 6. e3 e6 7. Bxc4 Bb4 8. O-O
Nbd7 9. Qe2 O-O 10. e4 Bg4 11. Rd1 Qa5 12. e5 Nd5 13. Ne4 f6 14. exf6 N7xf6 15.
h3 Bxf3 16. Qxf3 Nxe4 17. Qxe4 Rae8 18. g3 Bd6 19. Bg5 Nc7 20. Bd2 Qh5 21. Kg2
Nd5 22. Re1 Rf6 23. f4 Rh6 24. h4 Rf8 25. Be2 Qf5 26. Bf3 Qxe4 27. Bxe4 Rhf6
28. Rab1 g6 29. b4 R6f7 30. Bf3 Re7 31. b5 Rc8 32. bxc6 bxc6 33. Rec1 c5 34.
dxc5 Rxc5 35. Rxc5 Bxc5 36. Rc1 Be3 37. Bxd5 Bxd2 38. Rd1 Ba5 1/2-1/2

[Event "30.Alpenpokal Obersdorf op"]
[Site "Tiefenbach (08.01.-18.01)"]
[Date "2004.??.??"]
[Round "7.9"]
[White "Angerer, Martin"]
[Black "Siegmund, Rainer"]
[Result "0-1"]
[WhiteElo "1930"]
[BlackElo "1960"]
[PlyCount "48"]
[EventDate "2004.01.??"]
[Source "ChessOrg"]
[SourceDate "2005.04.24"]

1. e4 c5 2. Nf3 Nc6 3. d4 cxd4 4. Nxd4 Nf6 5. Nc3 e5 6. Ndb5 d6 7. Bg5 a6 8.
Na3 b5 9. Bxf6 gxf6 10. Nd5 Bg7 11. Qh5 Be6 12. Bd3 f5 13. O-O f4 14. c4 bxc4
15. Bxc4 O-O 16. Rae1 Kh8 17. Bd3 Nd4 18. Nc2 Nxc2 19. Bxc2 Rc8 20. Rc1 a5 21.
Kh1 Rg8 22. g3 fxg3 23. hxg3 Bf6 24. Kg2 Bg5 {und im 37.Zug} 0-1

[Event "30.Alpenpokal Obersdorf op"]
[Site "Tiefenbach (08.01.-18.01)"]
[Date "2004.??.??"]
[Round "7.10"]
[White "Koops, Randolf"]
[Black "Zuri, Amin-Barin,Dr."]
[Result "1/2-1/2"]
[WhiteElo "2050"]
[BlackElo "1919"]
[PlyCount "46"]
[EventDate "2004.01.??"]
[Source "ChessOrg"]
[SourceDate "2005.04.24"]

1. d4 Nf6 2. Nf3 e6 3. c4 d5 4. Nc3 c5 5. Bg5 cxd4 6. Nxd4 Be7 7. e3 Nc6 8. Bd3
h6 9. Bh4 a6 10. O-O Nxd4 11. exd4 dxc4 12. Bxc4 b5 13. Be2 Bb7 14. Bf3 Bxf3
15. Qxf3 O-O 16. Rfd1 Qb6 17. d5 exd5 18. Bxf6 Bxf6 19. Nxd5 Qd8 20. Nxf6+ Qxf6
21. Qxf6 gxf6 22. Rd6 Kg7 23. Rad1 Rfc8 1/2-1/2

[Event "30.Alpenpokal Obersdorf op"]
[Site "Tiefenbach (08.01.-18.01)"]
[Date "2004.??.??"]
[Round "7.11"]
[White "Meyer, Gerd[61Huckarde]"]
[Black "Poell, Guenter"]
[Result "1-0"]
[WhiteElo "1982"]
[BlackElo "1765"]
[PlyCount "117"]
[EventDate "2004.01.??"]
[Source "ChessOrg"]
[SourceDate "2005.04.24"]

1. e4 e6 2. d4 d5 3. Nc3 Nf6 4. Bg5 Bb4 5. e5 h6 6. Be3 Ne4 7. Qg4 Kf8 8. a3
Ba5 9. Nge2 Nxc3 10. Nxc3 Bxc3+ 11. bxc3 f5 12. exf6 Qxf6 13. Bf4 Qf5 14. Qxf5+
exf5 15. Bxc7 Nc6 16. Rb1 b6 17. Be2 Kf7 18. Bf3 Re8+ 19. Kd2 Be6 20. Rhe1 Rac8
21. Bg3 Red8 22. h4 g6 23. Bf4 h5 24. Re3 Na5 25. Be2 Nc4+ 26. Bxc4 Rxc4 27.
Rbe1 Rc6 28. Bg5 Rd7 29. f3 a6 30. Bf4 b5 31. Ra1 Rc4 32. Rc1 Rc6 33. Ra1 Rc4
34. Ree1 Rd8 35. Re3 Rg8 36. Bd6 Rcc8 37. Bc5 Rge8 38. a4 bxa4 39. Rxa4 Bd7 40.
Rxe8 Bxe8 41. Rb4 Rc7 42. Rb6 Bb5 43. Bd6 Rc8 44. Be5 Rg8 45. g3 Bc4 46. Ke3
Bb5 47. Kf4 Be2 48. Rd6 Rc8 49. Ke3 Bb5 50. Kd2 Bc4 51. Rf6+ Ke7 52. Rxg6 Ra8
53. Bd6+ Kf7 54. Rg5 Kf6 55. Rxh5 Kg6 56. Rg5+ Kf6 57. Be5+ Ke6 58. h5 Ra7 59.
Rg6+ 1-0

[Event "30.Alpenpokal Obersdorf op"]
[Site "Tiefenbach (08.01.-18.01)"]
[Date "2004.??.??"]
[Round "7.12"]
[White "Fehres, Werner"]
[Black "Kelbratowski, Konrad"]
[Result "0-1"]
[WhiteElo "1791"]
[BlackElo "1863"]
[PlyCount "86"]
[EventDate "2004.01.??"]
[Source "ChessOrg"]
[SourceDate "2005.04.24"]

1. e4 e6 2. f4 d5 3. e5 c5 4. c3 Nc6 5. Nf3 Nge7 6. Na3 Ng6 7. g3 f6 8. Bb5 Bd7
9. Qe2 f5 10. Nc2 a6 11. Bxc6 Bxc6 12. d4 c4 13. Ne3 Be7 14. h4 Qd7 15. O-O h6
16. Rf2 b5 17. Nh2 O-O-O 18. Nf3 Rdg8 19. Ng2 Nf8 20. Be3 Nh7 21. Qd2 Qd8 22.
Kf1 g6 23. b4 Rg7 24. Ke2 Rhg8 25. Rh1 Be8 26. Kf1 Bd7 27. Qc1 Kb7 28. Rb2 g5
29. hxg5 hxg5 30. fxg5 Nxg5 31. Nxg5 Bxg5 32. Nf4 Be7 33. Nh5 Rh7 34. Rbh2 Be8
35. Bf4 Bf7 36. Qe3 Rg6 37. Rh3 a5 38. a3 axb4 39. cxb4 Rg4 40. R1h2 Bxh5 41.
Rxh5 Rxh5 42. Rxh5 Qg8 43. Rg5 Bxg5 0-1